000 01210nam a2200385 c 4500
001 24323
003 ES-MaCES
005 20150929135514.0
008 120301s2011 sp t 000 | spa d
017 _aGR 4237-2011
_bDL
020 _a9788498368949
035 _aCES20120001753m
040 _aES-MaCES
_bspa
_cES-MaCES
100 1 _aVírgala Foruria, Eduardo
_925993
245 1 4 _aLas agencias reguladoras de la UE
_cEduardo Vírgala Foruria
260 _aGranada
_bComares
_c2011
300 _aX, 179 p.
_c24 cm
490 1 _aBiblioteca Comares de ciencia jurídica
504 _aBibliografía: p. 169-179
541 _cCompra
650 4 _aorganización institucional
_927196
650 4 _amecanismo de control
_929918
650 4 _atoma de decisiones
_928194
650 4 _adesarrollo institucional
_929802
650 4 _arégimen jurídico
_929894
650 4 _aderecho comunitario
_929866
650 4 _ahistoria
_927251
650 4 _a1975-2011
_932019
653 1 0 _aInstituciones comunitarias
650 4 _926752
_aUE
830 0 _aBiblioteca Comares de ciencia jurídica
_932174
902 _aLIB Libro
942 _2CES
_cBK
_h6.4.
999 _c24323
_d24323